| 000 | 00733nam a22002417a 4500 | ||
|---|---|---|---|
| 005 | 20240320095321.0 | ||
| 008 | 220517b ||||| |||| 00| 0 eng d | ||
| 040 | _cAloy | ||
| 041 | _aeng | ||
| 082 |
_223 _a355.092 _bVERL |
||
| 100 |
_aVirendra Verma Ed _9155567 |
||
| 100 |
_dSaroj Kulshreshtha Ed _937490 |
||
| 245 | _aLegend in his own time | ||
| 260 |
_aDehradun _bYoung India Publications _c1998 |
||
| 300 |
_aviii,172p. _bHB _c23x15cm. |
||
| 365 |
_2History _b180.00 _c₹ _d180.00 |
||
| 520 | _aBiography of an Indian military officer. | ||
| 650 |
_aBiography _937491 |
||
| 650 |
_aArmed Forces Officers _937492 |
||
| 700 |
_aVERMA (Virendra) Ed _937493 |
||
| 700 |
_aKULSHRESHTHA (Saroj) Ed _937494 |
||
| 942 |
_2ddc _cGF |
||
| 999 |
_c222957 _d222957 |
||